|
|
|
|
| LEADER |
00000nab a2200000ua 4500 |
| 001 |
vtls010782465 |
| 003 |
SK-MaSNL |
| 005 |
20260303135750.0 |
| 008 |
230218s1970 xo |||||||||||||||||eng| |
| 035 |
|
|
|a (urnnbn)urn:nbn:sk:snk:ar-a05sus
|
| 035 |
|
|
|a (uuid)3b5cf8a3-4ab0-44f5-a165-6e9b89294b2c
|
| 035 |
|
|
|a urn:nbn:sk:snk-ab4v5h
|
| 040 |
|
|
|a SNKBUCL
|b slo
|c SNKBUCL
|e AACR2
|
| 041 |
0 |
|
|a eng
|
| 044 |
|
|
|a xo
|c SK
|
| 100 |
1 |
|
|a Macko, Jozef Kazimír,
|d 1927-
|4 aut
|9 37748
|
| 245 |
1 |
0 |
|a On the Morphological Variability of Eucotyle zakharovi Skrjabin, 1920 from Slovakia (ČSSR)
|c J. K. Macko
|
| 773 |
0 |
|
|t Helminthologia
|g Roč. 11, č. 1-4 (1970), s. 99-105
|
| 958 |
|
|
|a OND
|
| 958 |
|
|
|a EUIPO
|
| 958 |
|
|
|a article3
|
| 999 |
|
|
|c 1967665
|d 1969595
|